000 00287nam a22001337a 4500
008 170503b xxu||||| |||| 00| 0 eng d
020 _a9780199259397
041 _aeng
080 _a341
100 _a13
101 _aSHJ
245 _aINTERNATIONAL LAW
_cCASSESE.A
942 _2udc
_cBK
999 _c12509
_d12509